Statistics for County Seats Of Arkansas

Click here to take the quiz!

General Stats

  • This quiz has been taken 32 times
  • The average score is 36 of 75

Answer Stats

CountySeat% Correct
WashingtonFayetteville
100%
PulaskiLittle Rock
100%
SalineBenton
93%
BentonBentonville
93%
SebastianFort Smith & Greenwood
93%
CraigheadJonesboro & Lake City
86%
MillerTexarkana
79%
FaulknerConway
71%
GarlandHot Springs
71%
JeffersonPine Bluff
71%
WhiteSearcy
64%
CarrollBerryville & Eureka Springs
57%
MississippiBlytheville & Osceola
57%
OuachitaCamden
57%
UnionEl Dorado
57%
BooneHarrison
57%
HempsteadHope
57%
FranklinOzark & Charleston
57%
CrawfordVan Buren
57%
ClarkArkadelphia
50%
IndependenceBatesville
50%
LoganBooneville & Paris
50%
JohnsonClarksville
50%
Hot SpringMalvern
50%
CrittendenMarion
50%
DrewMonticello
50%
HowardNashville
50%
PopeRussellville
50%
ArkansasStuttgart & DeWitt
50%
MarionYellville
50%
Little RiverAshdown
43%
Van BurenClinton
43%
YellDardanelle & Danville
43%
SevierDe Queen
43%
DallasFordyce
43%
St. FrancisForrest City
43%
AshleyHamburg
43%
CleburneHeber Springs
43%
PhillipsHelena
43%
MadisonHuntsville
43%
ChicotLake Village
43%
______Lonoke
43%
ColumbiaMagnolia
43%
LeeMarianna
43%
PolkMena
43%
ConwayMorrilton
43%
BaxterMountain Home
43%
StoneMountain View
43%
JacksonNewport
43%
GreeneParagould
43%
PerryPerryville
43%
RandolphPocahontas
43%
ScottWaldron
43%
CrossWynne
43%
SharpAsh Flat
36%
PrairieDes Arc & DeValls Bluff
36%
NewtonJasper
36%
SearcyMarshall
36%
PikeMurfreesboro
36%
ClayPiggott & Corning
36%
NevadaPrescott
36%
GrantSheridan
36%
BradleyWarren
36%
CalhounHampton
29%
PoinsettHarrisburg
29%
IzardMelbourne
29%
LincolnStar City
29%
DeshaArkansas City
21%
WoodruffAugusta
21%
MonroeClarendon
21%
LafayetteLewisville
21%
MontgomeryMount Ida
21%
FultonSalem
21%
LawrenceWalnut Ridge
21%
ClevelandRison
14%

Score Distribution

Percentile by Number Answered

Percent of People with Each Score

Your Score History

You have not taken this quiz